Categories of Makeup - Statistics

General Stats
  • This quiz has been taken 1,696 times
    1,688 since last reset
  • The average score is 10 of 15
Answer Stats
Hint Answer % Correct
Eye Eyeliner
96%
Eye eyeshadow
93%
Lips Lipstick
92%
Eye mascara
91%
Face Foundation
89%
Lips Lipgloss
87%
Face Blush
85%
Lips Lip liner
81%
Face Concealer
78%
Face Bronzer
75%
Face Highlighter
63%
Eye Eye primer
20%
Lips Lip stain
15%
Eye Eyelash curler
11%
Eye eyebrow filler
1%
No matching quizzes found
Score Distribution
Percent of People with Each Score
Percentile by Number Answered
Your Score History
You have not taken this quiz since the last reset